| 000 | 00344 a2200157 4500 | ||
|---|---|---|---|
| 001 | 162646 | ||
| 020 | _a | ||
| 040 | _cMagnum | ||
| 100 | _aCarr, Stella | ||
| 240 | 1 | 0 |
_aO caso do sabotador de angra _lpor |
| 245 | 1 | 0 | _aO caso do sabotador de angra |
| 362 | 0 | _a1899 | |
| 440 | 1 | _aModerna | |
| 697 | _aJ/SOCIEDADE, COTIDIANO | ||
| 942 | _cBK | ||
| 999 |
_c162646 _d162646 |
||